Quizzes
Events
Quiz Creation
Community
Videos
Private Events
Remove Ads
Sign In
Join for FREE
Feedback
Dark Mode
Quiz Categories
Sports
Geography
Music
Movies
Television
Just For Fun
Miscellaneous
History
Literature
Language
Science
Gaming
Entertainment
Religion
Holiday
For Kids
Quiz Lab
Recent
Popular Today
Quiz Kudos Today
Editor Picks
Curator Picks
Quizzes by...
Day
Popularity
Type
Ratings
Length
Year
Community
Subscriptions
Recent Discussions
Orange Saloon
Badges
Playlists
Quests
Create
Leaderboards
Showdown
Live 5
Trivia Bingo
Activity
Puzzle Library
Sporcle Events
Private Events
Virtual Trivia
Globe League
Become a Host
Pub Owners
SporcleCon
Opinionation
Our Games
Videos
Blog
Mobile Apps
Partnerships
Remove Ads and Go Orange
Feedback
Language
Vocabulary
Begins and Ends
Definition
Spanish
French
German
Italian
Chinese
Latin
Translation
Japanese
Language
Vocabulary
Begins and Ends
Definition
Spanish
French
German
Italian
Chinese
Latin
Translation
Japanese
Random Quiz
Search Sporcle
×
Quiz Lab
Quiz Lab
Language
Latin
Type in answers that appear in a list
Type in answers that appear in a list
Classic
Best Score? Go Orange.
Latin: Symbolum Apostolorum (Apostles' Creed) Stats
Latin: Symbolum Apostolorum (Apostles' Creed)
By
bweinstein
10m
76 Questions
466 Plays
466 Plays
466 Plays
Comments
Comments
Give Quiz Kudos
Give Quiz Kudos
-
- Ratings
hide this ad
Forced Order
Answers have to be entered in order
Answers have to be entered in order
Replay
Link that replays current quiz
Next Quiz
Link to next quiz in quiz playlist
You Got
0%
They Got
Avg Score
62%
Avg Friend Score
Upgrade to see
Score Distribution
Jump to the score distribution portion of the page
Score
0/76
Timer
10:00
0
Plays Today
% Correct
Credo
99.6%
in
98.9%
Deum
93.1%
Patrem
90.1%
omnipoténtem,
87.6%
et
83.9%
Creatórem
83.7%
caeli
83.5%
terrae;
83%
et
82%
in
81.8%
Christum,
81.5%
Jesum
81.3%
Fílium
79.8%
eius
78.8%
únicum,
78.1%
Dóminum
76.2%
nostrum;
76%
qui
73.8%
concéptus
72.1%
est
71.5%
de
71.2%
Spíritu
70.8%
Sancto,
70.4%
natus
69.7%
María
69.5%
Vírgine;
69.3%
ex
69.1%
passus
68.2%
sub
68%
Póntio
67.8%
Piláto,
67.8%
crucifíxus,
67%
mórtuus,
66.5%
et
66.1%
sepúltus;
65.7%
descéndit
63.1%
ad
62.9%
% Correct
ínferos;
59.7%
tértia
54.9%
die
54.9%
a
54.9%
mórtuis;
54.5%
resurréxit
54.1%
ascéndit
53.6%
ad
53.4%
sedet
53.4%
ad
53%
déxteram
52.8%
caelos,
52.1%
Patris
52.1%
Dei
51.7%
omnipoténtis;
51.7%
inde
50.2%
ventúrus
50.2%
est
49.8%
judicáre
49.4%
vivos
48.9%
et
48.9%
mórtuos.
48.9%
Credo
48.5%
in
48.1%
Spíritum
47.9%
Sanctum;
47.9%
Ecclésiam
47.2%
sanctam
47%
cathólicam,
47%
sanctórum
46.4%
communiónem;
45.7%
Amen
45.5%
remissiónem
45.1%
aetérnam.
45.1%
vitam
44.8%
peccatórum;
44.4%
carnis
44.2%
resurrectiónem;
44%
Quiz Playlist
Details
Report
Send in Message
Add To Playlist
Classic:
Type in answers that appear in a list
Forced Order:
Answers have to be entered in order
Last Updated: Feb 16, 2017
Quiz Scoreboard
CHALLENGE
Sign Up to Join the Scoreboard
Show All
Scores
Hide
Comments
May contain spoilers
Recently Published
Billboard Blitz: Fleetwood Mac
by CooCooCachoo
Music
15s
Presidents Visiting Landmarks
by Hejman
History
7m
An Introduction to Baseball
by treessimontrees
Sports
5m
More to Explore
Quiz From the Vault
Featured Blog Post
Where Did the Easter Bunny Come From?
hide this ad
You Might Also Like...
Tags
Latin Quiz
apostle
Creed
Today's Top Quizzes in Language
Browse Language
hide this ad
Today's Top Quizzes in Latin
Browse Latin
Top Contributed Quizzes in Language
1
1-10 Letter F Words III
2
1-10 Letter G Words III
3
Order Up: Top 10 Most Native Spoken Languages
4
1-10 Letter H Words III
5
One Thing in Common: Italy
6
1-10 Letter I Words III
7
Weisst du, aus welchen Sprachen diese Wörter stammen?
8
1-10 Letter J Words III
9
Celtic Nations in their Language
10
1-10 Letter K Words III
Explore More
Trending Topics
Marvel
Anime
NBA
Disney
Kpop
Crossword
Harry Potter
NFL
WWE
Song
Puzzle
Country
Soccer
Pokémon
The Office
hide this ad
More By:
bweinstein
Quiz
Plays
Rating
Category
Featured
Created
Latin: Noun Declensions 1-3
18,298
4.86
Language
Feb 28, 2013
Latin: Noun Declensions 1-5
10,296
4.25
Language
Jan 25, 2012
Latin: Indicative Active Verb Endings
7,290
4.50
Language
Feb 25, 2013
Latin: Unit 07 Relative Pronoun (qui, quae, quod)
6,380
4.76
Language
Jan 30, 2012
Latin: Unit 06 Demonstrative Pronouns
6,337
4.33
Language
Jan 31, 2012
Go to Creator's Profile
Score Distribution
Quiz Creator Spotlight
bweinstein
Follow
Send a Message
Quizzes Created
-
Created Quiz Play Count
-
More By This Creator
Popular Quizzes Today
1
Find the US States - No Outlines Minefield
2
Find the Countries of Europe - No Outlines Minefield
3
The Countries of the World
4
Find the US States
5
Popular People in 1961
6
US States
7
Risky Map Clicking: Biggest States A-Z
8
Movies - When Are They Set?
More Language Quizzes
3-Letter Greek Letters
Published
Trending Quizzes
Risky Map Clicking: Least Populous States A-Z
1-10 Letter G Words
1-10 Letter F Words
Risky Map Clicking: Next State Alphabetically
Risky Map Clicking: Biggest States A-Z
Recently Updated
Leaping Animals
pecheneg
Reality TV Shows (A-Z)
bhenderson79
Rickey Henderson's Hall of Fame Teammates
pecheneg
Champions League XIs: Arsenal
pecheneg
Quick Pick: Celebrities in WWE's Hall of Fame
aduchscher
A-Z Keypad Blitz II
pecheneg
Multiple Oscar Actors
pecheneg
Mystery Phrase Blitz: Oscar 'Best Actors'
pecheneg
F. Scott Fitzgerald Novels
LTH
Pick 3 Villains
ddd62291
Trending Topics
Disney
Crossword
Marvel
Anime
NBA
Kpop
Harry Potter
The Office
Soccer
WWE
NFL
Pokémon
Country
Puzzle
Song
Your Account Isn't Verified!
In order to create a playlist on Sporcle, you need to verify the email address you used during registration. Go to your
Sporcle Settings
to finish the process.
Report this User
Report this user for behavior that violates our
Community Guidelines
.
Details:
Send Report
Go to the Sporcle.com Mobile Site →
Comments